| 000 | 01003nam a22003017a 4500 | ||
|---|---|---|---|
| 003 | CHAP | ||
| 005 | 20220329140137.0 | ||
| 008 | 971013s1977 r 00010 d | ||
| 010 | _a47601 | ||
| 011 | _a48573 | ||
| 035 | _a52719 | ||
| 040 | _cCHAP | ||
| 090 | _aTesis | ||
| 100 | 0 | 0 |
_aVargas Cerón, René. _9117992 |
| 245 | _aEstado actual de la cría y explotación del ganado porcino, en la región de Atlixco, Puebla | ||
| 260 |
_aMéxico, D.F. : _bEl autor, _c1977 |
||
| 300 |
_a68 h. _b: ilus. |
||
| 502 | _aTesis (Médico Veterinario Zootecnista) -- UNAM. Fac. de Medicina Veterinaria y Zootecnia | ||
| 590 |
_aALEPH _b10 _c20130110 _lUCH01 _h1317 |
||
| 590 |
_aBATCH-UPD _b10 _c20130110 _lUCH01 _h2133 |
||
| 590 |
_aBATCH-UPD _b10 _c20130410 _lUCH01 _h1443 |
||
| 590 |
_aBATCH-UPD _b10 _c20130914 _lUCH01 _h1521 |
||
| 590 |
_aCONVERSION _b10 _c20130109 _lUCH01 _h1326 |
||
| 650 | 1 | 4 |
_aGanado porcino _xPuebla. _945401 |
| 901 | _aBK | ||
| 942 | _cTESIS | ||
| 949 |
_bBC _cTES _d-117273 _eTS1 _i52719 _si |
||
| 999 |
_c47601 _d47601 |
||